[Event "Fagernes Open 2021"]
[Site "Fagernes"]
[Date "2021.10.13"]
[Round "5.1"]
[White "Krivenko, Dion"]
[Black "Kreken, Eivind Grunt"]
[Result "1/2-1/2"]
[WhiteElo "2045"]
[BlackElo "1838"]
[Annotator "TA"]
[PlyCount "55"]
[EventDate "2021.10.10"]
[EventCountry "NOR"]
[SourceTitle "playchess.com"]
[Source "ChessBase"]
[SourceQuality "1"]

{[%evp 9,55,19,30,23,26,26,30,20,23,30,28,16,25,14,19,0,0,0,0,0,12,0,32,19,29,0,0,-21,18,16,25,24,35,0,0,0,29,-2,2,-6,52,0,0,-31,-31,-31,-31,-31]} 1. e4 c5 2. Nf3 Nc6 3. Bb5 Nf6 4. Nc3 g6 5. h3 Bg7 6. e5 {B30: Sicilian: 2...Nc6 3 Bb5, lines without ...g6.} Ng8 7. Bxc6 dxc6 8. O-O {White has an edge.} Nh6 9. d3 O-O 10. Ne4 b6 11. Bf4 Nf5 12. Qd2 Nd4 13. Nxd4 Qxd4 14. Qc3 {[#]} Be6 $146 ({Predecessor:} 14... Qxc3 15. Nxc3 Be6 16. b3 Rfd8 17. a4 Rd4 18. Bg3 a5 19. Rae1 Ra7 20. f3 Rd8 {½-½ (61) Devereaux,M (2374)-Gullaksen,E (2366) Norway 2017}) 15. a4 a5 16. Qxd4 cxd4 17. Rfe1 h6 18. Nd2 g5 19. Bg3 Rfd8 20. b3 b5 21. h4 g4 22. f4 Rd5 23. Ne4 Bf5 24. h5 Bxe4 (24... f6 $11) 25. Rxe4 (25. dxe4 $14 Rc5 26. Re2) 25... f5 $1 $11 {[%cal Rf5e4]} 26. Re2 (26. exf6 $5 Bxf6 27. Bf2 $11) 26... b4 27. Bh4 e6 28. Rd1 {Weighted Error Value: White=0.12/Black=0.10} 1/2-1/2

[Event "Fagernes Open 2021"]
[Site "Fagernes"]
[Date "2021.10.13"]
[Round "5.2"]
[White "Kittilsen, Sigurd"]
[Black "Fiskaaen, Martin Holten"]
[Result "1-0"]
[WhiteElo "1881"]
[BlackElo "1829"]
[Annotator "NA"]
[PlyCount "155"]
[EventDate "2021.10.10"]
[EventCountry "NOR"]
[SourceTitle "playchess.com"]
[Source "ChessBase"]
[SourceQuality "1"]
[TimeControl "40/5400+30:1800+30"]

1. e4 {[%emt 0:00:00]} c5 {[%emt 0:00:00]} 2. Nf3 {[%emt 0:00:00]} d6 {[%emt 0:00:00]} 3. d4 {[%emt 0:00:00]} cxd4 {[%emt 0:00:00]} 4. Nxd4 {[%emt 0:00:00]} Nf6 {[%emt 0:00:00]} 5. Nc3 {[%emt 0:00:00]} Nc6 {[%emt 0:00:00]} 6. Bg5 {[%emt 0:00:00]} e6 {[%emt 0:00:00]} 7. Qd2 {[%emt 0:00:00]} a6 {[%emt 0:00:00]} 8. O-O-O {[%emt 0:00:00]} Bd7 {[%emt 0:00:00]} 9. f3 {[%emt 0:00:00]} Nxd4 {[%emt 0:00:00]} 10. Qxd4 {[%emt 0:00:00]} Be7 {[%emt 0:00:00]} 11. h4 {[%emt 0:00:00]} Qc7 {[%emt 0:02:08]} 12. g4 {[%emt 0:02:00]} b5 {[%emt 0:02:10]} 13. Be3 {[%emt 0:02:15]} O-O {[%emt 0:02:14]} 14. g5 {[%emt 0:02:20]} Nh5 {[%emt 0:00:50]} 15. Bh3 {[%emt 0:03:21]} b4 {[%emt 0:07:22]} 16. Qxb4 {[%emt 0:04:56]} Rab8 {[%emt 0:00:27]} 17. Qd4 {[%emt 0:01:02]} Rfc8 {[%emt 0:10:38]} 18. Bg4 {[%emt 0:16:54]} Nf6 {[%emt 0:01:44]} 19. gxf6 {[%emt 0:34:12]} Bxf6 {[%emt 0:00:39]} 20. Qxd6 {[%emt 0:00:17]} Bxc3 {[%emt 0:12:26]} 21. bxc3 {[%emt 0:01:50]} Qxc3 {[%emt 0:02:25]} 22. Qd3 {[%emt 0:03:07]} Qb2+ {[%emt 0:02:55]} 23. Kd2 {[%emt 0:00:11]} Bb5 {[%emt 0:06:17]} 24. Bd4 {[%emt 0:07:17]} Qb4+ {[%emt 0:41:10]} 25. c3 {[%emt 0:00:29]} Qa3 {[%emt 0:00:09]} 26. Qc2 {[%emt 0:00:59]} Ba4 {[%emt 0:00:16]} 27. Qc1 {[%emt 0:00:18]} Rb2+ {[%emt 0:00:28]} 28. Ke3 {[%emt 0:01:42]} Bxd1 {[%emt 0:03:16]} 29. Rxd1 {[%emt 0:03:04]} Qxa2 {[%emt 0:00:11]} 30. Rd2 {[%emt 0:01:10]} Rcb8 {[%emt 0:00:38]} 31. Be5 {[%emt 0:01:10]} Rxd2 {[%emt 0:01:44]} 32. Qxd2 {[%emt 0:00:31]} Qxd2+ {[%emt 0:00:18]} 33. Kxd2 {[%emt 0:00:04]} Rb5 {[%emt 0:01:14]} 34. f4 {[%emt 0:00:58]} g6 {[%emt 0:01:39]} 35. c4 {[%emt 0:01:03]} Rc5 {[%emt 0:00:42]} 36. Kc3 {[%emt 0:00:45]} a5 {[%emt 0:00:39]} 37. Bd6 {[%emt 0:00:12]} Rc8 {[%emt 0:00:41]} 38. c5 {[%emt 0:06:37]} h6 {[%emt 0:00:43]} 39. e5 {[%emt 0:00:17]} f5 {[%emt 0:03:19]} 40. Bd1 {[%emt 0:02:08]} Kf7 {[%emt 0:00:30]} 41. Ba4 {[%emt 0:30:38]} g5 {[%emt 0:30:11]} 42. fxg5 {[%emt 0:02:00]} hxg5 {[%emt 0:00:09]} 43. hxg5 {[%emt 0:00:22]} f4 {[%emt 0:00:23]} 44. Kd3 {[%emt 0:00:00]} Kg6 {[%emt 0:00:00]} 45. Bd7 {[%emt 0:00:00]} Ra8 {[%emt 0:00:00]} 46. Bxe6 {[%emt 0:00:00]} a4 {[%emt 0:00:00]} 47. c6 {[%emt 0:00:00]} a3 {[%emt 0:00:00]} 48. c7 {[%emt 0:00:00]} f3 {[%emt 0:00:00]} 49. Ba2 {[%emt 0:00:00]} Kxg5 {[%emt 0:00:00]} 50. Ke3 {[%emt 0:00:00]} Kg4 {[%emt 0:00:00]} 51. e6 {[%emt 0:00:26]} f2 {[%emt 0:00:00]} 52. Kxf2 {[%emt 0:00:15]} Kf5 {[%emt 0:00:00]} 53. Ke3 {[%emt 0:02:06]} Kg6 {[%emt 0:00:00]} 54. e7 {[%emt 0:01:02]} Kf6 {[%emt 0:00:00]} 55. Kd4 {[%emt 0:02:23]} Rc8 {[%emt 0:00:00]} 56. Kc5 {[%emt 0:00:36]} Rxc7+ {[%emt 0:00:00]} 57. Bxc7 {[%emt 0:00:05]} Kxe7 {[%emt 0:00:00]} 58. Bf4 {[%emt 0:00:38]} Kf6 {[%emt 0:00:00]} 59. Bc1 {[%emt 0:00:24]} Kf5 {[%emt 0:00:00]} 60. Bxa3 {[%emt 0:00:08]} Ke5 {[%emt 0:00:00]} 61. Bb2+ {[%emt 0:00:17]} Ke4 {[%emt 0:00:00]} 62. Bb1+ {[%emt 0:00:13]} Kf4 {[%emt 0:00:00]} 63. Kd4 {[%emt 0:00:31]} Kf3 {[%emt 0:00:00]} 64. Bc1 {[%emt 0:00:14]} Ke2 {[%emt 0:00:00]} 65. Bc2 {[%emt 0:00:11]} Kf2 {[%emt 0:00:00]} 66. Ke4 {[%emt 0:00:33]} Kg3 {[%emt 0:00:00]} 67. Bd1 {[%emt 0:00:08]} Kf2 {[%emt 0:00:00]} 68. Bd2 {[%emt 0:00:09]} Kg2 {[%emt 0:00:00]} 69. Be1 {[%emt 0:00:16]} Kf1 {[%emt 0:00:00]} 70. Bh4 {[%emt 0:00:06]} Kg2 {[%emt 0:00:00]} 71. Bg4 {[%emt 0:00:32]} Kh2 {[%emt 0:00:00]} 72. Kf3 {[%emt 0:00:08]} Kg1 {[%emt 0:00:00]} 73. Bg3 {[%emt 0:02:33]} Kh1 {[%emt 0:00:00]} 74. Be5 {[%emt 0:03:28]} Kg1 {[%emt 0:00:00]} 75. Bh3 {[%emt 0:00:30]} Kh1 {[%emt 0:00:00]} 76. Kg3 {[%emt 0:00:17]} Kg1 {[%emt 0:00:00]} 77. Bd4+ {[%emt 0:00:11]} Kh1 {[%emt 0:00:00]} 78. Bg2# {[%emt 0:00:06]} 1-0

[Event "Fagernes Open 2021"]
[Site "Fagernes"]
[Date "2021.10.13"]
[Round "5.3"]
[White "Amundsen, Ask"]
[Black "Dahl, Torbjorn"]
[Result "0-1"]
[WhiteElo "1816"]
[BlackElo "1876"]
[Annotator "NA"]
[PlyCount "60"]
[EventDate "2021.10.10"]
[EventCountry "NOR"]
[SourceTitle "playchess.com"]
[Source "ChessBase"]
[SourceQuality "1"]
[TimeControl "40/5400+30:1800+30"]

1. e4 {[%emt 0:00:00]} Nf6 {[%emt 0:00:00]} 2. e5 {[%emt 0:00:00]} Nd5 {[%emt 0:00:00]} 3. c4 {[%emt 0:00:00]} Nb6 {[%emt 0:00:00]} 4. a4 {[%emt 0:00:00]} d6 {[%emt 0:07:37]} 5. a5 {[%emt 0:00:00]} N6d7 {[%emt 0:00:39]} 6. exd6 {[%emt 0:00:00]} cxd6 {[%emt 0:03:26]} 7. d4 {[%emt 0:00:00]} g6 {[%emt 0:00:00]} 8. h4 {[%emt 0:00:54]} h5 {[%emt 0:00:57]} 9. Bg5 {[%emt 0:05:48]} Bg7 {[%emt 0:01:14]} 10. Bd3 {[%emt 0:02:46]} Nc6 {[%emt 0:02:12]} 11. Nf3 {[%emt 0:05:44]} Nf6 {[%emt 0:00:33]} 12. Qc2 {[%emt 0:02:41]} O-O {[%emt 0:18:49]} 13. Qd2 {[%emt 0:07:34]} Bg4 {[%emt 0:04:53]} 14. Nh2 {[%emt 0:08:49]} Qd7 {[%emt 0:02:31]} 15. Bc2 {[%emt 0:14:07]} Qe6+ {[%emt 0:01:59]} 16. Be3 {[%emt 0:04:43]} Qxc4 {[%emt 0:07:30]} 17. Rg1 {[%emt 0:08:19]} Nb4 {[%emt 0:01:31]} 18. Nc3 {[%emt 0:05:38]} Nxc2+ {[%emt 0:00:41]} 19. Qxc2 {[%emt 0:00:03]} Rac8 {[%emt 0:01:47]} 20. f3 {[%emt 0:01:11]} Bf5 {[%emt 0:02:29]} 21. Qd2 {[%emt 0:01:05]} e5 {[%emt 0:03:33]} 22. d5 {[%emt 0:05:29]} Rfe8 {[%emt 0:11:13]} 23. g4 {[%emt 0:02:13]} Bd7 {[%emt 0:03:54]} 24. Bg5 {[%emt 0:05:41]} e4 {[%emt 0:02:27]} 25. gxh5 {[%emt 0:04:18]} exf3+ {[%emt 0:00:16]} 26. Kf2 {[%emt 0:00:54]} Re2+ {[%emt 0:01:21]} 27. Nxe2 {[%emt 0:01:10]} Ne4+ {[%emt 0:00:18]} 28. Kxf3 {[%emt 0:00:18]} Nxd2+ {[%emt 0:00:21]} 29. Bxd2 {[%emt 0:00:09]} Qxd5+ {[%emt 0:00:33]} 30. Kf2 {[%emt 0:01:12]} Qxd2 {[%emt 0:00:31]} 0-1

[Event "Fagernes Open 2021"]
[Site "Fagernes"]
[Date "2021.10.13"]
[Round "5.4"]
[White "Johannessen, Heine N"]
[Black "Edvardsen, Ragnar"]
[Result "1/2-1/2"]
[WhiteElo "1930"]
[BlackElo "1865"]
[Annotator "NA"]
[PlyCount "71"]
[EventDate "2021.10.10"]
[EventCountry "NOR"]
[SourceTitle "playchess.com"]
[Source "ChessBase"]
[SourceQuality "1"]
[TimeControl "40/5400+30:1800+30"]

1. d4 {[%emt 0:00:00]} Nf6 {[%emt 0:00:00]} 2. Nf3 {[%emt 0:00:00]} g6 {[%emt 0:00:00]} 3. g3 {[%emt 0:00:00]} Bg7 {[%emt 0:00:00]} 4. Bg2 {[%emt 0:00:00]} O-O {[%emt 0:00:00]} 5. c4 {[%emt 0:00:00]} c5 {[%emt 0:00:00]} 6. O-O {[%emt 0:00:00]} cxd4 {[%emt 0:00:00]} 7. Nxd4 {[%emt 0:00:00]} Nc6 $14 {[%emt 0:00:00]} 8. Nc3 {[%emt 0:00:00]} Nxd4 {[%emt 0:04:40]} 9. Qxd4 {[%emt 0:00:00]} d6 {[%emt 0:00:16]} 10. Qd2 {[%emt 0:05:00]} a6 {[%emt 0:02:26]} 11. b3 {[%emt 0:02:52]} Rb8 {[%emt 0:09:07]} 12. Bb2 {[%emt 0:16:42]} Be6 {[%emt 0:04:53]} 13. Rfd1 {[%emt 0:02:28]} Qd7 {[%emt 0:08:46]} 14. Rac1 {[%emt 0:05:33]} Rfc8 {[%emt 0:11:34]} 15. Ne4 {[%emt 0:14:30]} Nxe4 {[%emt 0:05:01]} 16. Bxe4 {[%emt 0:02:36]} Bxb2 {[%emt 0:02:15]} 17. Qxb2 {[%emt 0:00:03]} Rc5 {[%emt 0:01:07]} 18. Rd2 {[%emt 0:08:04]} Rbc8 {[%emt 0:10:18]} 19. Rcd1 {[%emt 0:07:27]} Qc7 {[%emt 0:06:02]} 20. Bd5 {[%emt 0:02:18]} Bxd5 {[%emt 0:03:30]} 21. Rxd5 {[%emt 0:00:07]} Rxd5 {[%emt 0:01:31]} 22. Rxd5 {[%emt 0:00:12]} Qb6 {[%emt 0:04:26]} 23. Qd4 {[%emt 0:03:26]} Qxd4 {[%emt 0:05:27]} 24. Rxd4 {[%emt 0:00:06]} Rc6 {[%emt 0:04:59]} 25. f4 {[%emt 0:02:35]} f5 {[%emt 0:01:53]} 26. Kf2 {[%emt 0:02:51]} Kf7 {[%emt 0:00:31]} 27. Kf3 {[%emt 0:03:53]} Kf6 {[%emt 0:00:37]} 28. e4 {[%emt 0:00:45]} h6 {[%emt 0:04:53]} 29. Rd5 {[%emt 0:02:36]} e6 {[%emt 0:05:22]} 30. Rd3 {[%emt 0:03:02]} g5 {[%emt 0:01:05]} 31. h3 {[%emt 0:01:27]} gxf4 {[%emt 0:01:35]} 32. Kxf4 {[%emt 0:03:51]} e5+ {[%emt 0:00:27]} 33. Kf3 {[%emt 0:00:16]} b5 {[%emt 0:00:17]} 34. Rc3 {[%emt 0:03:47]} Ke6 {[%emt 0:00:21]} 35. Ke3 {[%emt 0:00:52]} Kf6 {[%emt 0:00:42]} 36. Kf3 {[%emt 0:01:06]} 1/2-1/2

[Event "Fagernes Open 2021"]
[Site "Fagernes"]
[Date "2021.10.13"]
[Round "5.5"]
[White "Stromhaug, Kristoffer Wang"]
[Black "Galinsky, Misha"]
[Result "1/2-1/2"]
[WhiteElo "1718"]
[BlackElo "1756"]
[Annotator "NA RC"]
[PlyCount "95"]
[EventDate "2021.10.10"]
[EventCountry "NOR"]
[SourceTitle "playchess.com"]
[Source "ChessBase"]
[SourceQuality "1"]
[TimeControl "40/5400+30:1800+30"]

1. e4 {[%emt 0:00:00]} e5 {[%emt 0:00:00]} 2. Nf3 {[%emt 0:00:00]} Nc6 {[%emt 0:00:00]} 3. Bc4 {[%emt 0:00:00]} Bc5 {[%emt 0:00:00]} 4. O-O {[%emt 0:00:00]} Nf6 {[%emt 0:00:00]} 5. Nc3 {[%emt 0:00:00]} O-O {[%emt 0:00:00]} 6. d3 {[%emt 0:00:00]} h6 {[%emt 0:00:00]} 7. Nd5 {[%emt 0:00:00]} d6 {[%emt 0:00:00]} 8. Be3 {[%emt 0:10:51]} Bxe3 {[%emt 0:00:00]} 9. Nxe3 {[%emt 0:00:53]} Ne7 {[%emt 0:00:00]} 10. c3 {[%emt 0:05:48]} c6 {[%emt 0:04:09]} 11. Bb3 {[%emt 0:05:14]} Ng6 {[%emt 0:02:15]} 12. Qc2 {[%emt 0:06:58]} d5 {[%emt 0:01:25]} 13. exd5 {[%emt 0:00:49]} cxd5 {[%emt 0:00:02]} 14. d4 {[%emt 0:02:28]} e4 {[%emt 0:07:01]} 15. Ne5 {[%emt 0:01:15]} Nf4 {[%emt 0:01:18]} 16. f3 {[%emt 0:03:42]} exf3 {[%emt 0:18:01]} 17. Rxf3 {[%emt 0:00:53]} Ne6 {[%emt 0:00:08]} 18. Raf1 {[%emt 0:08:59]} Ng5 {[%emt 0:01:57]} 19. Rf4 {[%emt 0:07:28]} Be6 {[%emt 0:01:36]} 20. Qd3 {[%emt 0:08:20]} Rc8 {[%emt 0:05:12]} 21. Bc2 {[%emt 0:05:56]} Nge4 {[%emt 0:02:57]} 22. Nf5 {[%emt 0:06:54]} Bxf5 {[%emt 0:16:21]} 23. Rxf5 {[%emt 0:00:25]} Re8 {[%emt 0:04:33]} 24. Qe3 {[%emt 0:06:29]} Re6 {[%emt 0:09:25]} 25. Bxe4 {[%emt 0:02:47]} dxe4 {[%emt 0:00:09]} 26. g4 {[%emt 0:04:23]} Rxe5 {[%emt 0:14:05]} 27. Rxf6 {[%emt 0:01:44]} gxf6 {[%emt 0:00:56]} 28. dxe5 {[%emt 0:00:07]} fxe5 {[%emt 0:00:27]} 29. Qxh6 {[%emt 0:01:20]} Rc6 {[%emt 0:00:45]} 30. Qe3 {[%emt 0:00:40]} Rg6 {[%emt 0:06:56]} 31. h3 {[%emt 0:02:09]} Qd3 {[%emt 0:01:13]} 32. Re1 {[%emt 0:03:13]} Qxe3+ {[%emt 0:00:10]} 33. Rxe3 {[%emt 0:00:01]} f5 {[%emt 0:00:06]} 34. Kh2 {[%emt 0:00:45]} fxg4 {[%emt 0:00:16]} 35. Rxe4 {[%emt 0:00:47]} gxh3 {[%emt 0:00:05]} 36. Kxh3 {[%emt 0:00:15]} Rb6 {[%emt 0:01:43]} 37. b3 {[%emt 0:01:54]} Rc6 {[%emt 0:00:41]} 38. c4 {[%emt 0:00:14]} Ra6 {[%emt 0:00:20]} 39. a4 {[%emt 0:01:37]} Rb6 {[%emt 0:00:04]} 40. Re3 {[%emt 0:02:30]} Kf7 {[%emt 0:00:39]} 41. Kg4 {[%emt 0:30:13]} Ke6 {[%emt 0:33:10]} 42. Kg5 {[%emt 0:00:00]} Kd6 {[%emt 0:00:00]} 43. Kf5 {[%emt 0:00:00]} Kc5 {[%emt 0:00:00]} 44. Rxe5+ {[%emt 0:00:00]} Kd4 {[%emt 0:00:00]} 45. Rb5 {[%emt 0:00:00]} Rxb5+ {[%emt 0:00:00]} 46. axb5 {[%emt 0:00:00]} a6 {[%emt 0:00:00]} 47. bxa6 {[%emt 0:00:00]} bxa6 {[%emt 0:00:00]} 48. Ke6 {[%emt 0:00:00]} 1/2-1/2

[Event "Fagernes Open 2021"]
[Site "Fagernes"]
[Date "2021.10.13"]
[Round "5.6"]
[White "Pedersen, Max Moe"]
[Black "Dulman, Egmond-Gabriel"]
[Result "1-0"]
[WhiteElo "1837"]
[BlackElo "2065"]
[Annotator "TA"]
[PlyCount "59"]
[EventDate "2021.10.10"]
[EventCountry "NOR"]
[SourceTitle "playchess.com"]
[Source "ChessBase"]
[SourceQuality "1"]

{[%evp 9,59,0,0,0,0,0,0,0,0,0,0,0,50,48,53,30,54,0,272,129,235,207,807,802,797,797,766,766,1363,902,760,428,419,407,395,392,644,644,635,629,568,561,646,442,1006,1007,1007,988,1528,1573,1373,1377]} 1. d4 d5 2. c4 c6 3. cxd5 cxd5 4. Nc3 Nf6 5. f3 Nc6 6. e4 {D10: Slav Defence: 3 cxd5 (without early Nf3) and 3 Nc3.} dxe4 7. d5 Ne5 8. fxe4 {The position is equal.} e6 9. Nf3 Nxf3+ 10. Qxf3 {[#]} e5 $146 ({Predecessor:} 10... Be7 11. Bb5+ Bd7 12. dxe6 fxe6 13. e5 Nd5 14. Bxd7+ Qxd7 15. O-O Bc5+ 16. Kh1 Rf8 {0-1 (33) Aditya,M (2438)-Moskalenko,A (2515) chess.com INT 2020}) 11. Qg3 Bd6 12. Be2 Bd7 13. Be3 (13. Rf1 $14 Kf8 14. Bg5) 13... g6 $2 {[%mdl 8192] White leaves nothing to chance now.} (13... Rc8 $11 {and Black has nothing to worry.}) 14. O-O (14. Bg5 $18 {and White stays clearly on top.}) 14... Ng8 (14... O-O $16 {was worth a try.}) 15. Nb5 $18 Bb8 (15... Bxb5 16. Bxb5+ Kf8) 16. d6 f6 17. Rac1 Bc6 18. Qh3 Kf7 19. Bc4+ Kg7 20. Qe6 {[%csl Gc4][%cal Re6f7] [#]} Qd7 21. Qxd7+ Bxd7 22. Rfd1 a6 $2 (22... f5 23. Bd5 Nf6 24. Bxb7 f4) 23. Nc7 {White is clearly winning.} Bxc7 24. dxc7 Bg4 25. Rd8 Ne7 26. h3 Bc8 {[#]} (26... Rhxd8 $142 27. cxd8=N Rxd8 28. hxg4 h6) 27. Bh6+ $1 {[%mdl 576] Deflection} Kxh6 28. Rxh8 b5 29. Bd5 Ra7 30. Re8 {Weighted Error Value: White=0.47/Black=0.69} 1-0

[Event "Fagernes Open 2021"]
[Site "Fagernes"]
[Date "2021.10.13"]
[Round "5.7"]
[White "Bach, Oliver"]
[Black "Fredriksen, Jan Gunnar"]
[Result "0-1"]
[WhiteElo "1715"]
[BlackElo "1835"]
[Annotator "NA"]
[PlyCount "101"]
[EventDate "2021.10.10"]
[EventCountry "NOR"]
[SourceTitle "playchess.com"]
[Source "ChessBase"]
[SourceQuality "1"]
[TimeControl "40/5400+30:1800+30"]

1. Nf3 {[%emt 0:00:00]} d5 {[%emt 0:00:00]} 2. d4 {[%emt 0:00:00]} e6 {[%emt 0:00:00]} 3. c4 {[%emt 0:00:00]} c6 {[%emt 0:00:00]} 4. Nc3 {[%emt 0:00:00]} dxc4 {[%emt 0:00:00]} 5. e4 {[%emt 0:00:00]} b5 {[%emt 0:00:00]} 6. Be2 {[%emt 0:00:00]} Nf6 {[%emt 0:00:00]} 7. e5 {[%emt 0:00:00]} Nd5 {[%emt 0:00:00]} 8. O-O {[%emt 0:00:00]} Qb6 {[%emt 0:00:00]} 9. h4 {[%emt 0:00:00]} Nd7 {[%emt 0:00:00]} 10. h5 {[%emt 0:00:00]} h6 {[%emt 0:00:00]} 11. a3 {[%emt 0:01:24]} Bb7 {[%emt 0:01:24]} 12. Qc2 {[%emt 0:01:28]} c5 {[%emt 0:03:24]} 13. Nxd5 {[%emt 0:05:06]} Bxd5 {[%emt 0:00:12]} 14. Be3 {[%emt 0:00:32]} Rd8 {[%emt 0:03:08]} 15. Rfd1 {[%emt 0:02:07]} Be7 {[%emt 0:04:31]} 16. Qc1 {[%emt 0:01:56]} cxd4 {[%emt 0:02:44]} 17. Rxd4 {[%emt 0:01:47]} Bc5 {[%emt 0:01:20]} 18. Rg4 {[%emt 0:01:40]} Bxe3 {[%emt 0:00:52]} 19. fxe3 {[%emt 0:00:19]} O-O {[%emt 0:04:23]} 20. Kh1 {[%emt 0:00:28]} Bxf3 {[%emt 0:01:07]} 21. gxf3 {[%emt 0:00:56]} Nxe5 {[%emt 0:00:07]} 22. Rg2 {[%emt 0:01:28]} f6 {[%emt 0:01:20]} 23. e4 {[%emt 0:05:20]} Kf7 {[%emt 0:02:41]} 24. Qf4 {[%emt 0:01:14]} g5 {[%emt 0:15:31]} 25. hxg6+ {[%emt 0:00:43]} Kg7 {[%emt 0:02:04]} 26. Rag1 {[%emt 0:04:12]} Qd6 {[%emt 0:02:26]} 27. Rh2 {[%emt 0:02:28]} Rh8 {[%emt 0:00:13]} 28. Rh5 {[%emt 0:01:40]} Qd2 {[%emt 0:02:23]} 29. Qh2 {[%emt 0:01:19]} Qxb2 {[%emt 0:01:48]} 30. f4 {[%emt 0:01:24]} Nd3 {[%emt 0:05:13]} 31. Rf1 {[%emt 0:06:09]} a6 {[%emt 0:04:59]} 32. a4 {[%emt 0:03:08]} bxa4 {[%emt 0:06:13]} 33. Qg2 {[%emt 0:00:37]} a3 {[%emt 0:03:28]} 34. Ra5 {[%emt 0:01:00]} Rd6 {[%emt 0:01:54]} 35. e5 {[%emt 0:00:54]} Rb6 {[%emt 0:02:02]} 36. exf6+ {[%emt 0:01:03]} Qxf6 {[%emt 0:00:33]} 37. Rxa3 {[%emt 0:07:04]} Qh4+ {[%emt 0:02:28]} 38. Kg1 {[%emt 0:01:37]} Nxf4 {[%emt 0:00:22]} 39. Rxf4 {[%emt 0:04:03]} Qxf4 {[%emt 0:00:09]} 40. Rf3 {[%emt 0:01:16]} Qg5 {[%emt 0:03:22]} 41. Rg3 {[%emt 0:33:58]} Rb1+ {[%emt 0:30:25]} 42. Kh2 {[%emt 0:05:03]} Qh4+ {[%emt 0:00:27]} 43. Rh3 {[%emt 0:00:28]} Qf4+ {[%emt 0:00:08]} 44. Rg3 {[%emt 0:00:27]} Rb3 {[%emt 0:02:13]} 45. Bf3 {[%emt 0:04:12]} Rf8 {[%emt 0:00:40]} 46. Bb7 {[%emt 0:01:46]} Qh4+ {[%emt 0:00:33]} 47. Rh3 {[%emt 0:00:51]} Rxh3+ {[%emt 0:00:14]} 48. Qxh3 {[%emt 0:00:17]} Rf2+ {[%emt 0:00:11]} 49. Bg2 {[%emt 0:00:17]} Qxh3+ {[%emt 0:00:14]} 50. Kxh3 {[%emt 0:00:07]} Rxg2 {[%emt 0:00:11]} 51. Kxg2 {[%emt 0:00:08]} 0-1

[Event "Fagernes Open 2021"]
[Site "Fagernes"]
[Date "2021.10.13"]
[Round "5.8"]
[White "Strand, Amund Pihl"]
[Black "Lye, Sigurd"]
[Result "1/2-1/2"]
[WhiteElo "1712"]
[BlackElo "1821"]
[Annotator "NA RC"]
[PlyCount "76"]
[EventDate "2021.10.10"]
[EventCountry "NOR"]
[SourceTitle "playchess.com"]
[Source "ChessBase"]
[SourceQuality "1"]
[TimeControl "40/5400+30:1800+30"]

1. c4 {[%emt 0:00:00]} e5 {[%emt 0:00:00]} 2. Nc3 {[%emt 0:00:00]} Nf6 {[%emt 0:00:00]} 3. g3 {[%emt 0:00:00]} c6 {[%emt 0:00:00]} 4. d4 {[%emt 0:00:00]} e4 {[%emt 0:00:00]} 5. Bg2 {[%emt 0:00:26]} d5 {[%emt 0:00:00]} 6. e3 {[%emt 0:07:55]} Nbd7 {[%emt 0:11:38]} 7. Nh3 {[%emt 0:05:09]} Nb6 {[%emt 0:01:44]} 8. cxd5 {[%emt 0:01:24]} cxd5 {[%emt 0:01:42]} 9. Nf4 {[%emt 0:06:30]} Bd7 {[%emt 0:11:12]} 10. O-O {[%emt 0:05:00]} Bd6 {[%emt 0:04:33]} 11. a4 {[%emt 0:07:18]} a5 {[%emt 0:09:08]} 12. Qb3 {[%emt 0:07:20]} Bc6 {[%emt 0:02:42]} 13. f3 {[%emt 0:19:27]} exf3 {[%emt 0:07:03]} 14. Bxf3 {[%emt 0:00:08]} Bb4 {[%emt 0:00:46]} 15. Be2 {[%emt 0:10:50]} O-O {[%emt 0:01:05]} 16. Qc2 {[%emt 0:05:33]} Qd7 {[%emt 0:02:14]} 17. b3 {[%emt 0:04:45]} Rfe8 {[%emt 0:01:29]} 18. Nd3 {[%emt 0:02:26]} Bd6 {[%emt 0:05:51]} 19. Nc5 {[%emt 0:00:38]} Qe7 {[%emt 0:00:45]} 20. Nb5 {[%emt 0:01:35]} Bxc5 {[%emt 0:00:48]} 21. dxc5 {[%emt 0:00:13]} Bxb5 {[%emt 0:01:38]} 22. axb5 {[%emt 0:01:45]} Rec8 {[%emt 0:08:54]} 23. c6 {[%emt 0:00:37]} bxc6 {[%emt 0:03:36]} 24. bxc6 {[%emt 0:00:06]} Qd6 {[%emt 0:02:42]} 25. Bb5 {[%emt 0:00:41]} Qe5 {[%emt 0:02:20]} 26. Rb1 {[%emt 0:02:17]} Qe4 {[%emt 0:03:16]} 27. Qxe4 {[%emt 0:00:47]} Nxe4 {[%emt 0:00:08]} 28. Rb2 {[%emt 0:03:54]} Nc3 {[%emt 0:00:14]} 29. Bd3 {[%emt 0:01:54]} Rxc6 {[%emt 0:01:11]} 30. Rc2 {[%emt 0:00:46]} Rc7 {[%emt 0:03:29]} 31. Bb2 {[%emt 0:01:05]} Nb5 {[%emt 0:00:20]} 32. Rcf2 {[%emt 0:00:21]} Nd6 {[%emt 0:01:12]} 33. Bd4 {[%emt 0:00:35]} Nd7 {[%emt 0:01:15]} 34. Bb2 {[%emt 0:03:47]} Nf8 {[%emt 0:05:16]} 35. Be5 {[%emt 0:01:07]} Rd8 {[%emt 0:00:58]} 36. Ra1 {[%emt 0:00:30]} Re7 {[%emt 0:02:16]} 37. Bd4 {[%emt 0:01:32]} Ne6 {[%emt 0:01:51]} 38. Rxa5 {[%emt 0:00:30]} Nxd4 {[%emt 0:00:50]} 1/2-1/2

[Event "Fagernes Open 2021"]
[Site "Fagernes"]
[Date "2021.10.13"]
[Round "5.9"]
[White "Johannessen, Theo N"]
[Black "Sekkingstad, Thomas"]
[Result "1-0"]
[WhiteElo "1668"]
[BlackElo "1812"]
[Annotator "NA RC"]
[PlyCount "57"]
[EventDate "2021.10.10"]
[EventCountry "NOR"]
[SourceTitle "playchess.com"]
[Source "ChessBase"]
[SourceQuality "1"]
[TimeControl "40/5400+30:1800+30"]

1. d4 {[%emt 0:00:00]} d5 {[%emt 0:00:00]} 2. Nf3 {[%emt 0:00:00]} Nf6 {[%emt 0:00:00]} 3. c4 {[%emt 0:00:00]} c6 {[%emt 0:00:00]} 4. Nc3 {[%emt 0:00:00]} dxc4 {[%emt 0:00:00]} 5. a4 {[%emt 0:00:00]} Bf5 {[%emt 0:00:00]} 6. e3 {[%emt 0:00:30]} e6 {[%emt 0:00:00]} 7. Bxc4 {[%emt 0:00:45]} Bb4 {[%emt 0:00:01]} 8. O-O {[%emt 0:02:25]} O-O {[%emt 0:02:20]} 9. Ne5 {[%emt 0:13:05]} Nbd7 {[%emt 0:00:35]} 10. Nxd7 {[%emt 0:07:26]} Qxd7 {[%emt 0:00:32]} 11. f3 {[%emt 0:00:20]} c5 {[%emt 0:02:55]} 12. Na2 {[%emt 0:07:33]} Qc7 {[%emt 0:05:26]} 13. Nxb4 {[%emt 0:04:21]} cxb4 {[%emt 0:00:13]} 14. b3 {[%emt 0:00:53]} Rfd8 {[%emt 0:10:49]} 15. Qe2 {[%emt 0:04:47]} Bg6 {[%emt 0:05:27]} 16. Bb2 {[%emt 0:03:01]} a5 {[%emt 0:08:23]} 17. Rac1 {[%emt 0:01:08]} Qb6 {[%emt 0:00:11]} 18. Rfd1 {[%emt 0:02:37]} h6 {[%emt 0:01:56]} 19. Qf2 {[%emt 0:05:59]} Rac8 {[%emt 0:08:12]} 20. e4 {[%emt 0:03:11]} Ne8 {[%emt 0:04:23]} 21. d5 {[%emt 0:02:35]} Qxf2+ {[%emt 0:02:12]} 22. Kxf2 {[%emt 0:00:07]} exd5 {[%emt 0:12:54]} 23. Bxd5 {[%emt 0:01:05]} Nd6 {[%emt 0:04:14]} 24. Bd4 {[%emt 0:06:34]} b5 {[%emt 0:07:41]} 25. Bb6 {[%emt 0:06:43]} Rxc1 {[%emt 0:01:23]} 26. Rxc1 {[%emt 0:00:10]} Rb8 {[%emt 0:00:01]} 27. Bxa5 {[%emt 0:02:02]} bxa4 {[%emt 0:00:56]} 28. bxa4 {[%emt 0:00:46]} Kf8 {[%emt 0:00:23]} 29. Bc7 {[%emt 0:01:13]} 1-0